Segmented Movie Posters (2000s) Quiz Stats

 Plays Quiz Updated Aug 21, 2014

Support Sporcle.
Go Orange.
Score 0/48 Timer 10:00
3 Plays Today
% Correct
The Incredibles
91.2%
Up
88.8%
The Devil Wears Prada
83.1%
Borat...
79.8%
Slumdog Millionaire
68.7%
Anger Management
67.5%
Bring It On
67.1%
Memento
59.4%
Hulk
57.1%
The Break-Up
57.1%
O Brother, Where Art Thou?
54.6%
Almost Famous
51%
District 9
50.8%
The Last King of Scotland
50.4%
Wallace & Gromit in The Curse of the Were-Rabbit
49.9%
Black Hawk Down
49.4%
Cast Away
49.4%
Signs
47.3%
Seabiscuit
46.4%
TMNT
45.4%
Enchanted
44.7%
Minority Report
43.7%
The Ring
42.3%
No Country for Old Men
42%
% Correct
Elektra
41.6%
Hitman
37.8%
Road to Perdition
37.3%
Star Wars: Episode III...
33%
Julie & Julia
32.8%
Master and Commander: The Far Side of the World
32.3%
Unbreakable
29.8%
Children of Men
29.5%
The Wrestler
24.8%
G.I. Joe: The Rise of Cobra
24.1%
Kingdom of Heaven
22.3%
Babel
20.9%
Walk the Line
19.4%
The Darjeeling Limited
19.1%
The Majestic
18.1%
Rush Hour 2
17%
Freddy Vs. Jason
15.7%
Spider-Man 2
15.2%
Casino Royale
15.1%
The Weather Man
13.7%
Ghost Town
11.9%
Vacancy
6.7%
The Kite Runner
6.6%
Mr. Brooks
4.5%

You're not logged in!

Compare scores with friends on all Sporcle quizzes.
OR
Log In

From the Vault

Typing Marathon: Gettysburg Address

by ChargingTiger

The speech prior to Lincoln's two-minute address lasted more than two hours, yet not a word of it is commonly remembered. The lesson? If you have an important speech to make, keep it brief.
Remove Ads.
Support Sporcle.
Get the best of Sporcle when you Go Orange. This ad-free experience offers more features, more stats, and more fun while also helping to support Sporcle. Thank you for becoming a member.

Show Comments

Extras

Top Quizzes Today


Score Distribution

Your Account Isn't Verified!

In order to create a playlist on Sporcle, you need to verify the email address you used during registration. Go to your Sporcle Settings to finish the process.

Report this User

Report this user for behavior that violates our Community Guidelines.

Details: